000 00617nam a22002650a 4500
001 PT31199
003 AR-LpoUNG
005 20210131233713.0
008 191001s1969||||ag |||||||||||||||||spa d
040 _aAR-LpoUNG
_bspa
_cAR-LpoUNG
_eaacr
041 _aspa
044 _aag
082 0 _aA863 943seg
100 1 _aGüiraldes, Ricardo
245 1 0 _aDon Segundo Sombra
250 _a28§ ed.
260 _aBuenos Aires :
_bLosada,
_c1969.
300 _a185 p. :
_bil.
650 4 _aARGENTINA
650 4 _aFOLKLORE
650 4 _aLITERATURA
653 _aCOSTUMBRES
905 _a31199
942 _cLIB
999 _c22243
_d22243